Normal view
MARC view
- Atif Sultan
Entry Personal Name
001 - CONTROL NUMBER
- control field: 15143
003 - CONTROL NUMBER IDENTIFIER
- control field: NUST
005 - DATE AND TIME OF LATEST TRANSACTION
- control field: 20190620060539.0
008 - FIXED-LENGTH DATA ELEMENTS
- fixed length control field: 190620|| aca||aabn | a|a d
040 ## - CATALOGING SOURCE
- Original cataloging agency: NUST
- Transcribing agency: NUST
100 ## - HEADING--PERSONAL NAME
- Personal name: Atif Sultan
670 ## - SOURCE DATA FOUND
- Source citation: Work cat.: (NUST): Atif Sultan , Design And Development Of Therapeutic Device For Knee Joint And Associated Muscles Rehabilitation, 2018
